LEADER 01077nas 2200373 c 450 001 9910895045303321 005 20260218111544.0 035 $a(CKB)3790000000121201 035 $a(DE-599)ZDB2531106-2 035 $a(OCoLC)1184260990 035 $a(OCoLC)643771833 035 $a(DE-101)999250841 035 $a(DE-599)2531106-2 035 $a(EXLCZ)993790000000121201 100 $a20091222a20099999 |y | 101 0 $aeng 135 $aur||||||||||| 181 $ctxt$2rdacontent 182 $cc$2rdamedia 183 $acr$2rdacarrier 200 10$aIFM-GEOMAR annual report$efrom the seafloor to the atmosphere$fIFM-GEOMAR, Leibniz-Institut fu?r Meereswissenschaften an der Universita?t Kiel 210 31$aKiel$cIFM-GEOMAR$d2009- 215 $aOnline-Ressource 300 $aGesehen am 12.09.12 517 3 $aAppendices 608 $aZeitschrift$2gnd-content 676 $a550 801 0$b3999 801 1$bDE-101 801 2$b9999 906 $aJOURNAL 912 $a9910895045303321 996 $aIFM-GEOMAR annual report$94238936 997 $aUNINA